Statistics for Signs of Life

Click here to take the quiz!

General Stats

  • This quiz has been taken 36 times
  • The average score is 4 of 8

Answer Stats

Answer% Correct
Must dispose of {waste}
72%
Must be composed of {cells}
66%
Must {grow} or develop
66%
Must be able to {respond} to stimuli
56%
Must be able to {reproduce}
47%
Must use {energy}
28%
Must be able to {adapt}
16%
Must have some level of {organization}
3%

Score Distribution

Percentile by Number Answered

Percent of People with Each Score

Your Score History

You have not taken this quiz